LEADER 01169nas 2200433- 450 001 996518466903316 005 20240204213017.0 011 $a2322-2182 035 $a(OCoLC)981110932 035 $a(CKB)3710000000092332 035 $a(CONSER)--2022243345 035 $a(EXLCZ)993710000000092332 100 $a20170310a20109999 --- - 101 0 $aper 135 $aur|n||||||||| 181 $ctxt$2rdacontent 182 $cc$2rdamedia 183 $acr$2rdacarrier 200 10$aPitr?l?zh? 210 1$aIsfahan, Iran :$cUniversity of Isfahan,$d2010- 215 $a1 online resource 311 $a2228-5210 517 1 $aPetrology 517 1 $aPetrological journal 517 1 $aMajallah-i pitr?l?zh? 606 $aPetrology$vPeriodicals 606 $aPétrologie$vPériodiques 606 $aPetrology$2fast$3(OCoLC)fst01059885 608 $aPeriodicals.$2fast 608 $aPeriodicals.$2lcgft 615 0$aPetrology 615 6$aPétrologie 615 7$aPetrology. 676 $a552 712 02$aD?nishg?h-i I?fah?n, 906 $aJOURNAL 912 $a996518466903316 996 $aPitruluzh?$93084176 997 $aUNISA